00907nam a2200217 a 450000100100000000500170001000800410002704000250006808200160009310000290010924501310013826000340026930000280030349000170033150400740034870000300042283000240045204900090047695201870048599900170067200003481020200930073922.0111020s1979 fr 000 0 fre d aDO-SdBNPbspacBNPHU axxxxbM435d1 aMattelart, Armand96031410aDe l'usage des médias en temps de crise :bles nouveaux profils des industries de la culture /cArmand et Michele Mattelart. aParis :bAlain Moreau,c1979. a440 p. :bil. ;c21 cm.1 aTextualité aIncluye referencias bibliográficas y notas al pie de las páginas.12aMattelart, Michele960325 0aTextualité960326 aBNGR 001050718MOaGRbGRcCTd2011-10-20iLF1l0oxxxx M435dp34810-10r2020-06-25w2020-06-25y1zPerteneció a la biblioteca personal de Juan Isidro Jimenes GrullónZNo se presta c34301d34301